<?xml version="1.0" encoding="UTF-8"?><?xml-stylesheet type="text/xsl" href="static/style.xsl"?><OAI-PMH xmlns="http://www.openarchives.org/OAI/2.0/" xmlns:xsi="http://www.w3.org/2001/XMLSchema-instance" xsi:schemaLocation="http://www.openarchives.org/OAI/2.0/ http://www.openarchives.org/OAI/2.0/OAI-PMH.xsd"><responseDate>2026-04-14T08:19:43Z</responseDate><request verb="GetRecord" identifier="oai:www.recercat.cat:11351/5266" metadataPrefix="marc">https://recercat.cat/oai/request</request><GetRecord><record><header><identifier>oai:recercat.cat:11351/5266</identifier><datestamp>2025-10-24T10:34:45Z</datestamp><setSpec>com_2072_378070</setSpec><setSpec>com_2072_378040</setSpec><setSpec>col_2072_378092</setSpec></header><metadata><record xmlns="http://www.loc.gov/MARC21/slim" xmlns:dcterms="http://purl.org/dc/terms/" xmlns:xsi="http://www.w3.org/2001/XMLSchema-instance" xmlns:doc="http://www.lyncode.com/xoai" xsi:schemaLocation="http://www.loc.gov/MARC21/slim http://www.loc.gov/standards/marcxml/schema/MARC21slim.xsd">
   <leader>00925njm 22002777a 4500</leader>
   <datafield ind2=" " ind1=" " tag="042">
      <subfield code="a">dc</subfield>
   </datafield>
   <datafield ind2=" " ind1=" " tag="720">
      <subfield code="a">Martínez-Bautista, María José</subfield>
      <subfield code="e">author</subfield>
   </datafield>
   <datafield ind2=" " ind1=" " tag="720">
      <subfield code="a">Mangues-Bafalluy, Irene</subfield>
      <subfield code="e">author</subfield>
   </datafield>
   <datafield ind2=" " ind1=" " tag="720">
      <subfield code="a">Cajaraville-Ordoñana, Gerardo</subfield>
      <subfield code="e">author</subfield>
   </datafield>
   <datafield ind2=" " ind1=" " tag="720">
      <subfield code="a">Clopés-Estela, Ana</subfield>
      <subfield code="e">author</subfield>
   </datafield>
   <datafield ind2=" " ind1=" " tag="720">
      <subfield code="a">Moreno-Martínez, Estela</subfield>
      <subfield code="e">author</subfield>
   </datafield>
   <datafield ind2=" " ind1=" " tag="720">
      <subfield code="a">Carreras Soler, Maria Josep</subfield>
      <subfield code="e">author</subfield>
   </datafield>
   <datafield ind2=" " ind1=" " tag="260">
      <subfield code="c">2020-09-17T10:30:23Z</subfield>
   </datafield>
   <datafield ind2=" " ind1=" " tag="260">
      <subfield code="c">2020-09-17T10:30:23Z</subfield>
   </datafield>
   <datafield ind2=" " ind1=" " tag="260">
      <subfield code="c">2019-11-01</subfield>
   </datafield>
   <datafield ind2=" " ind1=" " tag="520">
      <subfield code="a">Survey; Pharmaceutical care; Pharmaceutical services</subfield>
   </datafield>
   <datafield ind2=" " ind1=" " tag="520">
      <subfield code="a">Encuesta; Atención farmacéutica; Servicios farmacéuticos</subfield>
   </datafield>
   <datafield ind2=" " ind1=" " tag="520">
      <subfield code="a">Enquesta; Atenció farmacèutica; Serveis farmacèutics</subfield>
   </datafield>
   <datafield ind2=" " ind1=" " tag="520">
      <subfield code="a">Objective: To learn about the baseline of Oncohematological Pharmacy Units in Spanish hospitals in order to identify areas for improvement. Method: A survey in line with the objectives set in GEDEFO 2020 Strategic Plan of Pharmaceutical Care for oncohematological patients was designed. The survey was hosted on GEDEFO’s website during March and April 2017. Activity data for 2016 was collected. Results: A total of 95 hospitals responded to the survey. Out of which, 76% had an integrated information system of pharmacotherapeutic process management, where a variability in technological and organizational processes were found. The oncohematological pharmacist led the implementation of the principles of medicine, based on evidence and results obtained in routine clinical practice. It was shown that 88% of hospitals had standardized protocols. As for safety practices, in 83% of hospitals, oncohematological pharmacists actively participated in the development and maintenance of risk management program, implemented to prevent errors. Preparation was centralized in 89% of hospitals. Variability was observed in pharmaceutical care depending on where the patient was attended. In 92% of hospitals, pharmacists served as reference for Oncohematology, although with different levels of training. Major deficiencies were observed in training programs and teaching. Of all oncohematological pharmacists, 53% had been a researcher over the past three years. Conclusions: These results mark the starting point for Spanish Oncohematological Pharmacy Units to develop strategies for improving the quality of pharmaceutical care offered to oncohematological patients and led by GEDEFO, heads of service, and oncohematological patients themselves.</subfield>
   </datafield>
   <datafield ind2=" " ind1=" " tag="520">
      <subfield code="a">Objetivo: Conocer la situación basal de las unidades de farmacia oncohematológica&#xd;
de los hospitales españoles para detectar ámbitos de mejora. Método: Se diseñó una encuesta acorde con los objetivos establecidos en el Plan Estratégico de Atención Farmacéutica al paciente oncohematológico del Grupo de Farmacia Oncológica de la Sociedad Española de Farmacia Hospitalaria (GEDEFO 2020). La encuesta se alojó en la página web de GEDEFO durante marzo y abril de 2017. Se recogieron datos de actividad del año 2016. Resultados: Respondieron la encuesta 95 hospitales. Un 76% disponían de un sistema de información integral de gestión del proceso farmacoterapéutico, encontrándose variabilidad en los procesos tecnológicos y organizativos. El farmacéutico oncohematológico lideraba la aplicación de los principios de medicina basada en la evidencia y de los resultados obtenidos en la práctica clínica habitual, y se comprobó que un 88% de los hospitales contaba con protocolos estandarizados. En cuanto a prácticas de seguridad, en un 83% de los hospitales el Farmacéutico oncohematológico participaba activamente en el desarrollo y mantenimiento del programa de gestión de riesgos aplicado a la prevención de errores. La preparación estaba centralizada en un 89% de los hospitales. Se observó variabilidad en la atención farmacéutica en función de dónde&#xd;
se atendía al paciente. En el 92% de los hospitales existía Farmacéutico de referencia para oncohematología, aunque con distintos niveles de capacitación. Las mayores deficiencias se observaron en los programas de formación y docencia. Un 53% de los farmacéuticos oncohematológicos había sido investigador en los últimos tres años. Conclusiones: Estos resultados marcan el punto de partida de las unidades de farmacia oncohematológicas españolas para el desarrollo de estrategias de mejora de la calidad de la atención farmacéutica ofrecida a los pacientes oncohematológicos liderado por GEDEFO, jefes de Servicio y los propios farmacéuticos oncohematológicos.</subfield>
   </datafield>
   <datafield ind2=" " ind1=" " tag="520">
      <subfield code="a">For the design tool of SEFH's website, where survey data were collected, it has been sponsored by Novartis, not expecting any external financing for the analysis of results nor the publication of the manuscript.</subfield>
   </datafield>
   <datafield ind1="8" ind2=" " tag="024">
      <subfield code="a">http://hdl.handle.net/11351/5266</subfield>
   </datafield>
   <datafield tag="653" ind2=" " ind1=" ">
      <subfield code="a">Hematologia oncològica</subfield>
   </datafield>
   <datafield tag="653" ind2=" " ind1=" ">
      <subfield code="a">Enquestes</subfield>
   </datafield>
   <datafield tag="653" ind2=" " ind1=" ">
      <subfield code="a">Farmàcies d'hospital - Espanya</subfield>
   </datafield>
   <datafield tag="653" ind2=" " ind1=" ">
      <subfield code="a">PUBLIC HEALTH::Health Care (Public Health)::Delivery of Health Care::Health Care (Public Health)::Pharmaceutical Services</subfield>
   </datafield>
   <datafield tag="653" ind2=" " ind1=" ">
      <subfield code="a">HEALTH CARE::Health Care Quality, Access, and Evaluation::Quality of Health Care::Health Care Evaluation Mechanisms::Data Collection::Surveys and Questionnaires</subfield>
   </datafield>
   <datafield tag="653" ind2=" " ind1=" ">
      <subfield code="a">DISEASES::Neoplasms::Neoplasms by Site::Hematologic Neoplasms</subfield>
   </datafield>
   <datafield tag="653" ind2=" " ind1=" ">
      <subfield code="a">GEOGRAPHICALS::Geographic Locations::Europe::Spain</subfield>
   </datafield>
   <datafield tag="653" ind2=" " ind1=" ">
      <subfield code="a">SALUD PÚBLICA::atención a la salud (salud pública)::prestación sanitaria::atención a la salud (salud pública)::servicios farmacéuticos</subfield>
   </datafield>
   <datafield tag="653" ind2=" " ind1=" ">
      <subfield code="a">ATENCIÓN DE SALUD::calidad, acceso y evaluación de la atención sanitaria::calidad de la atención sanitaria::mecanismos de evaluación de la atención sanitaria::recopilación de datos::encuestas y cuestionarios</subfield>
   </datafield>
   <datafield tag="653" ind2=" " ind1=" ">
      <subfield code="a">ENFERMEDADES::neoplasias::neoplasias por localización::neoplasias hematológicas</subfield>
   </datafield>
   <datafield tag="653" ind2=" " ind1=" ">
      <subfield code="a">DENOMINACIONES GEOGRÁFICAS::localizaciones geográficas::Europa (continente)::España</subfield>
   </datafield>
   <datafield ind2="0" ind1="0" tag="245">
      <subfield code="a">Encuesta de situación de la atención farmacéutica oncohematológica en España</subfield>
   </datafield>
   <datafield ind2="0" ind1="0" tag="245">
      <subfield code="a">Survey of oncohematological pharmaceutical care situation in Spain</subfield>
   </datafield>
</record></metadata></record></GetRecord></OAI-PMH>